Instrumentat e komunikimit (Record no. 46613)
[ view plain ]
| 000 -LEADER | |
|---|---|
| fixed length control field | 00295nam a22001337a 4500 |
| 008 - FIXED-LENGTH DATA ELEMENTS--GENERAL INFORMATION | |
| fixed length control field | 180608b xxu||||| |||| 00| 0 eng d |
| 020 ## - INTERNATIONAL STANDARD BOOK NUMBER | |
| International Standard Book Number | 9789995666835 |
| 041 ## - LANGUAGE CODE | |
| Language code of text/sound track or separate title | eng |
| 080 ## - UNIVERSAL DECIMAL CLASSIFICATION NUMBER | |
| Universal Decimal Classification number | 070 |
| 100 ## - Rafti | |
| Rafti | 40 |
| 101 ## - Shkurtesa | |
| Shkurtesa | MK |
| 245 ## - TITLE STATEMENT | |
| Title | Instrumentat e komunikimit |
| Statement of responsibility, etc | Marshall,M |
| 942 ## - ADDED ENTRY ELEMENTS (KOHA) | |
| Source of classification or shelving scheme | |
| Item type | Books |
| Withdrawn status | Lost status | Source of classification or shelving scheme | Damaged status | Not for loan | Collection code | Permanent location | Current location | Shelving location | Date acquired | Total Checkouts | Full call number | Barcode | Date last seen | Price effective from | Koha item type |
|---|---|---|---|---|---|---|---|---|---|---|---|---|---|---|---|
| Koleksioni i përgjithshem | UBT - Lipjan | UBT - Lipjan | Koleksioni i përgjithshem | 06/08/2018 | 070 MAR | 002-3009697 | 06/08/2018 | 06/08/2018 | Books | ||||||
| Koleksioni i përgjithshem | UBT - Prishtine | UBT - Prishtine | Koleksioni i përgjithshem | 06/08/2018 | 070 MAR | 002-3009692 | 06/08/2018 | 06/08/2018 | Books | ||||||
| Koleksioni i përgjithshem | UBT - Prishtine | UBT - Prishtine | Koleksioni i përgjithshem | 06/08/2018 | 070 MAR | 002-3009687 | 06/08/2018 | 06/08/2018 | Books | ||||||
| Koleksioni i përgjithshem | UBT - Prishtine | UBT - Prishtine | Koleksioni i përgjithshem | 06/08/2018 | 070 MAR | 002-3009682 | 06/08/2018 | 06/08/2018 | Books | ||||||
| Koleksioni i përgjithshem | UBT - Prishtine | UBT - Prishtine | Koleksioni i përgjithshem | 06/08/2018 | 070 MAR | 002-30029677 | 06/08/2018 | 06/08/2018 | Books |